| 000 | 00419nam a2200169Ia 4500 | ||
|---|---|---|---|
| 008 | 230524s9999 xx 000 0 und d | ||
| 020 | _a9788180141775 | ||
| 082 |
_a629.2 _bSIN |
||
| 100 | _aKirpal Singh | ||
| 245 | 0 | _aAutomobile Engineering Vol-2 | |
| 250 | _a12 | ||
| 260 |
_aNew Delhi _bStandard Publishers _c2012 |
||
| 300 | _a"1;624p," | ||
| 500 | _aQuantity Number: 34 | ||
| 650 | _aMechanics | ||
| 942 | _cBK | ||
| 999 |
_c54125 _d54125 |
||